MARC

LEADER 00000ny a22000003n 4500
003 EbpS
005 2011051200410.0
006 m d ||||||
007 cr anunnnuuuaa
008 870220c19869999ndu p 0 eng d
022 |a 0896-5803 
035 |a 3721 
040 |a BUS  |d vLex 
090 |c 1778  |d 1778 
245 0 4 |a The Journal of real estate research  |h [Recurso electrn̤ico] 
246 3 3 |a J.R.E.R 
246 3 3 |a JRER 
256 |a Servicio en ln̕ea 
260 |a [Sacramento, Calif.] :  |b American Real Estate Society 
310 |a Trimestral 
506 1 |a Contenido solo disponible en los productos indicados  |d vLex Global  |d vLex Global (Academic Edition, excluding Law Schools)  |d vLex Global (U.S. Academic Edition, excluding Law Schools) 
650 0 4 |a Inmuebles  |x Inversiones  |z Estados Unidos  |x Publicaciones perid̤icas 
650 0 4 |a Propiedad inmobiliaria  |x Investigacin̤  |z Estados Unidos  |x Publicaciones perid̤icas 
650 0 4 |a Propiedad inmobiliaria  |x Publicaciones perid̤icas 
710 2 |a American Real Estate Society 
710 2 |a University of North Dakota.  |b College of Business and Public Administration 
740 0 |a vLex Revista (Servicios en ln̕ea) 
843 |a Electrn̤ica. Abierta 
853 |8 1  |i (year)  |j (month)  |k (day) 
856 4 0 |z Acceso restringido  |u http://vlex.com/account/login_ip?fuente_id=3721  
942 |c REV 
999 0 |a Real estate business  |v Periodicals 
999 0 |a Real estate business  |z United States  |v Periodicals 
999 0 |a Real estate investment  |z United States  |v Periodicals